| 000 | 00604cam a22002052 4500 | ||
|---|---|---|---|
| 001 | 0000013278 | ||
| 005 | 20151217155856.0 | ||
| 008 | 090727s xx 000 0 eng d | ||
| 040 |
_aKABU _cKABU |
||
| 110 | 2 |
_aKenya, Republic of. _@0000150051 |
|
| 245 | 1 | 4 | _aThe Higher education bill 2001. |
| 250 | _a1st ed. | ||
| 260 |
_aNairobi : _bGovt. Printer, _c2001. |
||
| 300 | _a53 p. | ||
| 500 | _aBound photocopy. | ||
| 650 | 0 |
_aHigher, Education _xLaw and legislation _zKenya. _@0000170439 |
|
| 852 | 1 | _9p100 KES | |
| 908 | _a090727 | ||
| 950 | _@1 | ||
| 999 |
_c13607 _d13607 |
||